[Event "4NCL/2001-02/D3/GUI2-SCS"]
[Site "Rd01-Birmingham"]
[Date "2001.09.22"]
[Round "1.3"]
[White "Jackson, Adrian"]
[Black "Clark, Stephen P"]
[Result "1/2-1/2"]
[WhiteElo "2230"]
[BlackElo "2112"]
[PlyCount "51"]
[EventDate "2001.09.22"]
[EventType "team-match"]
[EventCountry "ENG"]
[SourceTitle "BritBase"]
[Source "John Saunders"]
[SourceDate "2024.10.24"]
[SourceVersion "1"]
[SourceVersionDate "2024.10.24"]
[SourceQuality "1"]
[WhiteTeam "Guildford-ADC 2"]
[BlackTeam "Southern Counties Stars"]
[WhiteTeamCountry "ENG"]
[BlackTeamCountry "ENG"]

1. e4 c6 2. Nc3 d5 3. Nf3 Bg4 4. h3 Bxf3 5. Qxf3 Nf6 6. d3 e6 7. g3 Nbd7 8. Bg2 Bd6 9. O-O Qc7 10. exd5 Nxd5 11. Ne4 Be7 12. d4 O-O 13. c4 N5f6 14. b3 e5 15. dxe5 Nxe5 16. Qe2 Nxe4 17. Qxe4 Bf6 18. Bf4 Rfe8 19. Rad1 Qa5 20. Qc2 Rad8 21. Bd2 Qc7 22. Be3 Qa5 23. Bc1 Ng6 24. Bd2 Qb6 25. Be3 Qa5 26. Bd2 1/2-1/2

[Event "4NCL/2001-02/D3/GUI2-SCS"]
[Site "Rd01-Birmingham"]
[Date "2001.09.22"]
[Round "1.4"]
[White "Lutton, J Ezra"]
[Black "Richardson, Kevin Derek"]
[Result "1-0"]
[WhiteElo "2093"]
[BlackElo "2184"]
[PlyCount "64"]
[EventDate "2001.09.22"]
[EventType "team-match"]
[EventCountry "ENG"]
[SourceTitle "BritBase"]
[Source "John Saunders"]
[SourceDate "2024.10.24"]
[SourceVersion "1"]
[SourceVersionDate "2024.10.24"]
[SourceQuality "1"]
[WhiteTeam "Southern Counties Stars"]
[BlackTeam "Guildford-ADC 2"]
[WhiteTeamCountry "ENG"]
[BlackTeamCountry "ENG"]

1. e4 c5 2. Nc3 Nc6 3. f4 g6 4. Nf3 Bg7 5. Bb5 Nd4 6. Bd3 e6 7. Nxd4 cxd4 8. Nb5 d6 9. c3 Ne7 10. Nxd4 O-O 11. O-O Qb6 12. Kh1 Bxd4 13. cxd4 Qxd4 14. Qf3 Nc6 15. a3 Bd7 16. Rb1 f5 17. exf5 e5 18. fxg6 Rxf4 19. Qh5 Rh4 20. gxh7+ Kh8 21. Qf7 e4 22. b4 Rxh7 23. Bb2 Rxf7 24. Bxd4+ Nxd4 25. Rxf7 Bc6 26. Bc4 Nc2 27. b5 Be8 28. Rxb7 Nxa3 29. Rf1 Bg6 30. Bd5 Rc8 31. h3 Nc2 32. Rf4 e3 1-0

[Event "4NCL/2001-02/D3/GUI2-SCS"]
[Site "Rd01-Birmingham"]
[Date "2001.09.22"]
[Round "1.5"]
[White "Norman, Kenneth I"]
[Black "Partington, Anna"]
[Result "1/2-1/2"]
[WhiteElo "2160"]
[BlackElo "1792"]
[PlyCount "112"]
[EventDate "2001.09.22"]
[EventType "team-match"]
[EventCountry "ENG"]
[SourceTitle "BritBase"]
[Source "John Saunders"]
[SourceDate "2024.10.24"]
[SourceVersion "1"]
[SourceVersionDate "2024.10.24"]
[SourceQuality "1"]
[WhiteTeam "Guildford-ADC 2"]
[BlackTeam "Southern Counties Stars"]
[WhiteTeamCountry "ENG"]
[BlackTeamCountry "ENG"]

1. Nf3 d5 2. d4 c5 3. c4 e6 4. cxd5 exd5 5. g3 Nc6 6. Bg2 Nf6 7. O-O Be7 8. Nc3 O-O 9. Bg5 cxd4 10. Nxd4 h6 11. Be3 Re8 12. Rc1 Bg4 13. h3 Bc8 14. Nxc6 bxc6 15. Na4 Bd7 16. Bc5 Qc8 17. Bxe7 Rxe7 18. Kh2 Qa6 19. e3 Rc8 20. a3 Qb5 21. Rc5 Qa6 22. b4 Ne4 23. Ra5 Qb7 24. Nc5 Nxc5 25. Rxc5 Re6 26. Qd4 Rf6 27. Kg1 Re8 28. Rfc1 Qa6 29. Ra5 Qe2 30. Rf1 a6 31. e4 Re7 32. exd5 cxd5 33. Rxd5 Bb5 34. Rc1 Rg6 35. Rc8+ Kh7 36. Rdd8 Rg5 37. Rc1 Rg6 38. Qc3 Rf6 39. Rd2 Qe5 40. Qc2+ g6 41. Qd1 Qf5 42. Qc2 Qe5 43. Rcd1 Rc7 44. Qb1 Qc3 45. Qa1 Ba4 46. Qxc3 Rxc3 47. Ra1 Kg7 48. h4 h5 49. Bf1 Rfc6 50. Be2 Rc1+ 51. Rxc1 Rxc1+ 52. Kg2 Bc6+ 53. f3 Rc3 54. Rd6 Kf8 55. Kf2 Ke7 56. Rd3 Rc2 1/2-1/2

[Event "4NCL/2001-02/D3/GUI2-SCS"]
[Site "Rd01-Birmingham"]
[Date "2001.09.22"]
[Round "1.6"]
[White "Lutton, E Josiah"]
[Black "Punnett, Alan Kenneth"]
[Result "0-1"]
[WhiteElo "1672"]
[BlackElo "2125"]
[PlyCount "56"]
[EventDate "2001.09.22"]
[EventType "team-match"]
[EventCountry "ENG"]
[SourceTitle "BritBase"]
[Source "John Saunders"]
[SourceDate "2024.10.24"]
[SourceVersion "1"]
[SourceVersionDate "2024.10.24"]
[SourceQuality "1"]
[WhiteTeam "Southern Counties Stars"]
[BlackTeam "Guildford-ADC 2"]
[WhiteTeamCountry "ENG"]
[BlackTeamCountry "ENG"]

1. e4 e6 2. Nc3 d5 3. d4 Nf6 4. Bg5 Bb4 5. e5 h6 6. exf6 hxg5 7. fxg7 Rg8 8. Qh5 Qf6 9. Nf3 Qxg7 10. O-O-O Bxc3 11. bxc3 Nd7 12. h4 g4 13. Nh2 Ke7 14. Re1 Kd6 15. c4 c6 16. cxd5 cxd5 17. c4 Qxd4 18. Qxf7 Nf6 19. cxd5 Qc3+ 20. Kd1 Bd7 21. Rxe6+ Bxe6 22. Qxe6+ Kc5 23. Qe7+ Kxd5 24. Qxb7+ Kd6 25. Qa6+ Kc5 26. Qb5+ Kd6 27. Bc4 Rad8 28. Bd3 Kc7 0-1

[Event "4NCL/2001-02/D3/GUI2-SCS"]
[Site "Rd01-Birmingham"]
[Date "2001.09.22"]
[Round "1.7"]
[White "Sharp, Peter"]
[Black "Gosden, Raymond"]
[Result "1-0"]
[WhiteElo "2104"]
[BlackElo "1744"]
[PlyCount "45"]
[EventDate "2001.09.22"]
[EventType "team-match"]
[EventCountry "ENG"]
[SourceTitle "BritBase"]
[Source "John Saunders"]
[SourceDate "2024.10.24"]
[SourceVersion "1"]
[SourceVersionDate "2024.10.24"]
[SourceQuality "1"]
[WhiteTeam "Guildford-ADC 2"]
[BlackTeam "Southern Counties Stars"]
[WhiteTeamCountry "ENG"]
[BlackTeamCountry "ENG"]

1. d4 Nf6 2. c4 e6 3. g3 d5 4. Nf3 c5 5. Bg2 Nc6 6. cxd5 exd5 7. O-O Be7 8. dxc5 Bxc5 9. Nbd2 O-O 10. Nb3 Be7 11. Nfd4 Re8 12. Bf4 Bd6 13. Bg5 Be5 14. Nxc6 bxc6 15. Qc2 h6 16. Be3 Bd7 17. Rfd1 Bd6 18. Bc5 Bg4 19. Rd2 Ne4 20. Bxe4 Rxe4 21. Bxd6 Qxd6 22. Qxe4 Qd7 23. Qf4 1-0

[Event "4NCL/2001-02/D3/GUI2-SCS"]
[Site "Rd01-Birmingham"]
[Date "2001.09.22"]
[Round "1.8"]
[White "Miller, Naomi"]
[Black "Norman>Dobson>Wright, Dinah Margaret"]
[Result "1/2-1/2"]
[WhiteElo "1344"]
[BlackElo "2045"]
[PlyCount "93"]
[EventDate "2001.09.22"]
[EventType "team-match"]
[EventCountry "ENG"]
[SourceTitle "BritBase"]
[Source "John Saunders"]
[SourceDate "2024.10.24"]
[SourceVersion "1"]
[SourceVersionDate "2024.10.24"]
[SourceQuality "1"]
[WhiteTeam "Southern Counties Stars"]
[BlackTeam "Guildford-ADC 2"]
[WhiteTeamCountry "ENG"]
[BlackTeamCountry "ENG"]

1. e4 c6 2. d4 d5 3. Nc3 dxe4 4. Nxe4 Nd7 5. Bc4 Ngf6 6. Qe2 Nxe4 7. Qxe4 Nf6 8. Qd3 e6 9. Nf3 Be7 10. Bf4 O-O 11. O-O-O b5 12. Bb3 a5 13. c3 Qb6 14. Bc2 Bb7 15. Bg5 g6 16. Ne5 Qc7 17. h4 c5 18. h5 Ne4 19. Bxe7 Qxe7 20. Qe2 Qg5+ 21. Kb1 cxd4 22. cxd4 Nd6 23. hxg6 fxg6 24. Nxg6 hxg6 25. Qxe6+ Nf7 26. Bxg6 Bd5 27. Bxf7+ Rxf7 28. Qh3 Qf5+ 29. Qxf5 Rxf5 30. Rh3 Rxf2 31. Rh5 Be4+ 32. Ka1 Raf8 33. Rg5+ Kf7 34. Rxb5 Kg6 35. Rb6+ Kg7 36. b3 Rf1 37. Rxf1 Rxf1+ 38. Kb2 Rf2+ 39. Ka3 Bb1 40. Rb7+ Kf6 41. Rb6+ Ke7 42. Ka4 Rxa2+ 43. Kb5 Bd3+ 44. Kc6 Rxg2 45. Rb7+ Kf6 46. d5 Rc2+ 47. Kd6 1/2-1/2

[Event "4NCL/2001-02/D3/MK-GUI3"]
[Site "Rd01-Birmingham"]
[Date "2001.09.22"]
[Round "1.1"]
[White "Macdonald-Ross, Michael"]
[Black "Shepley, Julien M"]
[Result "1/2-1/2"]
[WhiteElo "2172"]
[BlackElo "2121"]
[PlyCount "53"]
[EventDate "2001.09.22"]
[EventType "team-match"]
[EventCountry "ENG"]
[SourceTitle "BritBase"]
[Source "John Saunders"]
[SourceDate "2024.10.24"]
[SourceVersion "1"]
[SourceVersionDate "2024.10.24"]
[SourceQuality "1"]
[WhiteTeam "Milton Keynes"]
[BlackTeam "Guildford-ADC 3"]
[WhiteTeamCountry "ENG"]
[BlackTeamCountry "ENG"]

1. d4 d5 2. Nf3 c5 3. dxc5 e6 4. e3 Bxc5 5. c4 Nf6 6. Nc3 O-O 7. cxd5 exd5 8. Be2 Nc6 9. O-O Bg4 10. a3 Rc8 11. b4 Bd6 12. Bb2 Bb8 13. Rc1 Qd6 14. Nb5 Qe7 15. Nbd4 Ne5 16. Qb3 Qd6 17. g3 h5 18. Rfe1 Ne4 19. Nxe5 Rxc1 20. Rxc1 Qxe5 21. Qd1 Bxe2 22. Qxe2 Qg5 23. Qf3 h4 24. Qf5 hxg3 25. hxg3 Be5 26. Qxg5 Nxg5 27. Kg2 1/2-1/2

[Event "4NCL/2001-02/D3/MK-GUI3"]
[Site "Rd01-Birmingham"]
[Date "2001.09.22"]
[Round "1.2"]
[White "Singleton, Michael Peter F"]
[Black "Freeman, Richard CP"]
[Result "1-0"]
[WhiteElo "2080"]
[BlackElo "2011"]
[PlyCount "69"]
[EventDate "2001.09.22"]
[EventType "team-match"]
[EventCountry "ENG"]
[SourceTitle "BritBase"]
[Source "John Saunders"]
[SourceDate "2024.10.24"]
[SourceVersion "1"]
[SourceVersionDate "2024.10.24"]
[SourceQuality "1"]
[WhiteTeam "Guildford-ADC 3"]
[BlackTeam "Milton Keynes"]
[WhiteTeamCountry "ENG"]
[BlackTeamCountry "ENG"]

1. d4 g6 2. c4 Bg7 3. Nc3 d6 4. e4 e5 5. d5 a5 6. Be3 Ne7 7. g4 O-O 8. f3 f5 9. gxf5 gxf5 10. Qd2 f4 11. Bf2 Bd7 12. h4 Na6 13. Bh3 Nc5 14. Bxc5 dxc5 15. O-O-O Nc8 16. Bxd7 Qxd7 17. Nh3 h6 18. Nf2 Nd6 19. Qe2 a4 20. Rdg1 Rf7 21. Rg6 Kh7 22. Rhg1 Qe7 23. h5 a3 24. b3 Rd8 25. Ng4 Qh4 26. Qg2 Qxh5 27. Rxg7+ Kxg7 28. Nxe5+ Kh7 29. Nxf7 Qxf7 30. e5 Nf5 31. Ne4 Nh4 32. Qg4 Ng6 33. Nf6+ Kg7 34. Nh5+ Kh7 35. e6 1-0

[Event "4NCL/2001-02/D3/MK-GUI3"]
[Site "Rd01-Birmingham"]
[Date "2001.09.22"]
[Round "1.3"]
[White "Kendall, Paul Stephen N"]
[Black "Dupre, Paul Donald"]
[Result "1-0"]
[WhiteElo "1968"]
[BlackElo "2053"]
[PlyCount "63"]
[EventDate "2001.09.22"]
[EventType "team-match"]
[EventCountry "ENG"]
[SourceTitle "BritBase"]
[Source "John Saunders"]
[SourceDate "2024.10.24"]
[SourceVersion "1"]
[SourceVersionDate "2024.10.24"]
[SourceQuality "1"]
[WhiteTeam "Milton Keynes"]
[BlackTeam "Guildford-ADC 3"]
[WhiteTeamCountry "ENG"]
[BlackTeamCountry "ENG"]

1. e4 e6 2. b3 d5 3. Bb2 dxe4 4. Nc3 Qf6 5. Qe2 Bc5 6. O-O-O Qe7 7. Qxe4 Nf6 8. Qh4 Bd7 9. Nb5 Bxb5 10. Bxb5+ c6 11. Bd3 Ba3 12. Ne2 Nbd7 13. Nc3 Bxb2+ 14. Kxb2 Nc5 15. Be2 O-O 16. g4 b5 17. Bf3 b4 18. Ne2 Qb7 19. g5 Nd5 20. Qd4 Qb6 21. h4 a5 22. h5 a4 23. h6 f6 24. hxg7 Rfd8 25. Qh4 Kf7 26. Qxh7 Rg8 27. Bxd5 cxd5 28. gxf6 axb3 29. axb3 Ra2+ 30. Kxa2 Qa6+ 31. Kb2 Qxe2 32. Qxg8+ 1-0

[Event "4NCL/2001-02/D3/MK-GUI3"]
[Site "Rd01-Birmingham"]
[Date "2001.09.22"]
[Round "1.4"]
[White "Smart, Michael"]
[Black "Elwin, Adrian G"]
[Result "0-1"]
[WhiteElo "1960"]
[BlackElo "1968"]
[PlyCount "76"]
[EventDate "2001.09.22"]
[EventType "team-match"]
[EventCountry "ENG"]
[SourceTitle "BritBase"]
[Source "John Saunders"]
[SourceDate "2024.10.24"]
[SourceVersion "1"]
[SourceVersionDate "2024.10.24"]
[SourceQuality "1"]
[WhiteTeam "Guildford-ADC 3"]
[BlackTeam "Milton Keynes"]
[WhiteTeamCountry "ENG"]
[BlackTeamCountry "ENG"]

1. e4 c6 2. d4 d5 3. exd5 cxd5 4. c4 Nc6 5. Nc3 Nf6 6. Bf4 e6 7. a3 dxc4 8. Bxc4 Bd6 9. Bxd6 Qxd6 10. Nf3 O-O 11. O-O a6 12. Re1 b5 13. Ba2 Bb7 14. d5 exd5 15. Nxd5 Rad8 16. Ne3 Qf4 17. Qc2 Qxf3 18. gxf3 Nd4 19. Qc7 Nxf3+ 20. Kh1 Rd7 21. Qxd7 Nxd7 22. Red1 Nf6 23. Nd5 Ng4 24. Kg2 Nfe5 25. Kg3 h5 26. h3 Nh6 27. Ne7+ Kh8 28. f4 Ng6 29. Nxg6+ fxg6 30. Rd7 h4+ 31. Kh2 Bc6 32. Rc7 Be4 33. Re1 Rxf4 34. Re2 Nf5 35. Rc8+ Kh7 36. Bg8+ Kh6 37. Bb3 Ng3 38. Kg1 Rf1+ 0-1

[Event "4NCL/2001-02/D3/MK-GUI3"]
[Site "Rd01-Birmingham"]
[Date "2001.09.22"]
[Round "1.5"]
[White "Valentine, Brian J"]
[Black "Stimpson, Philip M"]
[Result "0-1"]
[WhiteElo "1904"]
[BlackElo "1920"]
[PlyCount "80"]
[EventDate "2001.09.22"]
[EventType "team-match"]
[EventCountry "ENG"]
[SourceTitle "BritBase"]
[Source "John Saunders"]
[SourceDate "2024.10.24"]
[SourceVersion "1"]
[SourceVersionDate "2024.10.24"]
[SourceQuality "1"]
[WhiteTeam "Milton Keynes"]
[BlackTeam "Guildford-ADC 3"]
[WhiteTeamCountry "ENG"]
[BlackTeamCountry "ENG"]

1. e4 d5 2. exd5 Nf6 3. d4 Bg4 4. Qd3 Qxd5 5. Nc3 Qd7 6. Nf3 Nc6 7. Ne5 Qxd4 8. Nxc6 Qxd3 9. Bxd3 bxc6 10. f3 Bd7 11. Bf4 O-O-O 12. O-O-O e6 13. Ne4 Nxe4 14. Bxe4 Bc5 15. a3 f6 16. b4 Be7 17. Be3 f5 18. Bd3 Kb8 19. Bd4 Bf6 20. Bc5 Bc8 21. f4 Bd4 22. Bxd4 Rxd4 23. g3 Rhd8 24. Rde1 c5 25. Re5 cxb4 26. Rb5+ Bb7 27. Re1 R8d6 28. Rxb4 Rxb4 29. axb4 Bd5 30. Re3 Kb7 31. c4 Rc6 32. c5 a5 33. Bb5 axb4 34. Bxc6+ Kxc6 35. Kb2 Kxc5 36. Re1 Kb6 37. Ra1 c5 38. Kc2 c4 39. Kd2 Be4 40. Ra4 c3+ 0-1

[Event "4NCL/2001-02/D3/MK-GUI3"]
[Site "Rd01-Birmingham"]
[Date "2001.09.22"]
[Round "1.6"]
[White "Bimbatti, Gian"]
[Black "Mahony, Richard"]
[Result "1-0"]
[WhiteElo "1768"]
[BlackElo "1824"]
[PlyCount "159"]
[EventDate "2001.09.22"]
[EventType "team-match"]
[EventCountry "ENG"]
[SourceTitle "BritBase"]
[Source "John Saunders"]
[SourceDate "2024.10.24"]
[SourceVersion "1"]
[SourceVersionDate "2024.10.24"]
[SourceQuality "1"]
[WhiteTeam "Guildford-ADC 3"]
[BlackTeam "Milton Keynes"]
[WhiteTeamCountry "ENG"]
[BlackTeamCountry "ENG"]

1. e4 c6 2. d4 d5 3. Nd2 dxe4 4. Nxe4 Nd7 5. f4 Ngf6 6. Ng3 e6 7. Nf3 Be7 8. Bd3 O-O 9. O-O c5 10. f5 Nb6 11. b3 cxd4 12. Bb2 Nbd5 13. Bxd4 Nb4 14. fxe6 Bxe6 15. Bf5 Bd5 16. a3 Bxf3 17. Rxf3 Nc6 18. Bb2 Qxd1+ 19. Rxd1 Rad8 20. Rfd3 Rxd3 21. Rxd3 Rd8 22. Rxd8+ Nxd8 23. c4 g6 24. Bc8 Ne8 25. Kf2 f5 26. Kf3 Nd6 27. Bd7 Kf7 28. c5 Ne4 29. Nxe4 fxe4+ 30. Kxe4 Bxc5 31. Kd5 Bg1 32. h3 Ke7 33. Bc8 b6 34. a4 Bc5 35. Be5 a5 36. Bc7 h6 37. g4 h5 38. Bg3 hxg4 39. Bh4+ Ke8 40. hxg4 Be3 41. Ba6 g5 42. Bb5+ Ke7 43. Bg3 Bc5 44. Be1 Ne6 45. Bd2 Kf6 46. Bd7 Nf4+ 47. Kc6 Bd4 48. b4 axb4 49. Bxb4 Be3 50. Bf5 Ne2 51. Kd5 Bf2 52. Ke4 Bg1 53. Kd3 Nf4+ 54. Kc4 Ne2 55. Bd6 Bf2 56. Bc7 Ke7 57. Be5 Bg1 58. Kd5 Bf2 59. Bd3 Nf4+ 60. Ke4 Ne6 61. Kf5 Nd4+ 62. Kg6 Ke6 63. Bf6 Nf3 64. Bf5+ Kd6 65. Be4 Ne5+ 66. Kxg5 Nf7+ 67. Kg6 Ne5+ 68. Kf5 Nd7 69. Bg7 Ke7 70. Bd5 Be3 71. g5 Nc5 72. Bc6 Kf7 73. Bf6 Kf8 74. Kg6 Ne6 75. Bd7 Nf4+ 76. Kf5 Nh5 77. Be5 Bc5 78. Kg6 Ke7 79. Bf5 Kf8 80. Kxh5 1-0

[Event "4NCL/2001-02/D3/MK-GUI3"]
[Site "Rd01-Birmingham"]
[Date "2001.09.22"]
[Round "1.7"]
[White "Williamson, Kevin J"]
[Black "Jones, H Trevor"]
[Result "1-0"]
[WhiteElo "1864"]
[BlackElo "1824"]
[PlyCount "145"]
[EventDate "2001.09.22"]
[EventType "team-match"]
[EventCountry "ENG"]
[SourceTitle "BritBase"]
[Source "John Saunders"]
[SourceDate "2024.10.24"]
[SourceVersion "1"]
[SourceVersionDate "2024.10.24"]
[SourceQuality "1"]
[WhiteTeam "Milton Keynes"]
[BlackTeam "Guildford-ADC 3"]
[WhiteTeamCountry "ENG"]
[BlackTeamCountry "ENG"]

1. d4 Nf6 2. Nc3 e6 3. e4 Bb4 4. Bd3 h6 5. Nf3 b6 6. Bd2 Bb7 7. Qe2 Qe7 8. a3 Bxc3 9. Bxc3 d6 10. b3 Nbd7 11. Bb2 O-O 12. O-O e5 13. dxe5 Nxe5 14. Nxe5 dxe5 15. c4 Nd7 16. b4 Rfe8 17. Rfd1 Nf8 18. Rd2 Rad8 19. Rad1 Bc8 20. Bc2 Rxd2 21. Qxd2 Qg5 22. Qxg5 hxg5 23. Ba4 Re7 24. Rd8 Bd7 25. b5 a5 26. Bc1 f6 27. Be3 Re8 28. Rxe8 Bxe8 29. c5 bxc5 30. Bxc5 Nd7 31. Bb3+ Bf7 32. Bxf7+ Kxf7 33. Be3 Nb6 34. Kf1 Nc4 35. a4 Nb2 36. Bd2 Nxa4 37. Bxa5 Nb6 38. Ke2 Ke6 39. Kd3 g6 40. f3 f5 41. g4 fxg4 42. fxg4 Kd6 43. Bb4+ Kd7 44. Bd2 Nc8 45. Kc4 Nd6+ 46. Kd5 Nxb5 47. Kxe5 Nd6 48. Bb4 Nc4+ 49. Kf6 Ne3 50. Kxg5 Ke6 51. Bc3 c5 52. h4 c4 53. Bd4 Nc2 54. Bc5 Kf7 55. e5 Ne1 56. e6+ Kxe6 57. Kxg6 Nf3 58. h5 Ne5+ 59. Kg5 Nf7+ 60. Kf4 c3 61. Be3 c2 62. Ke4 Kf6 63. Bc1 Kg7 64. g5 Nd6+ 65. Kd3 Nf5 66. Kxc2 Ng3 67. h6+ Kg6 68. Kd3 Nf5 69. Ke4 Nd6+ 70. Ke5 Nf7+ 71. Ke6 Nh8 72. Ke7 Nf7 73. Kf8 1-0

[Event "4NCL/2001-02/D3/MK-GUI3"]
[Site "Rd01-Birmingham"]
[Date "2001.09.22"]
[Round "1.8"]
[White "Longson Hegarty, Sarah N"]
[Black "Thomas, Jacqueline"]
[Result "1-0"]
[WhiteElo "1624"]
[BlackElo "1152"]
[PlyCount "59"]
[EventDate "2001.09.22"]
[EventType "team-match"]
[EventCountry "ENG"]
[SourceTitle "BritBase"]
[Source "John Saunders"]
[SourceDate "2024.10.24"]
[SourceVersion "1"]
[SourceVersionDate "2024.10.24"]
[SourceQuality "1"]
[WhiteTeam "Guildford-ADC 3"]
[BlackTeam "Milton Keynes"]
[WhiteTeamCountry "ENG"]
[BlackTeamCountry "ENG"]

1. e4 d6 2. d4 Nf6 3. Bd3 g6 4. Ne2 Bg7 5. O-O O-O 6. h3 c6 7. Be3 b5 8. Nd2 Bb7 9. f4 e6 10. g4 Ne8 11. Qe1 a6 12. Qg3 Nd7 13. h4 Bf6 14. g5 Be7 15. f5 d5 16. f6 Bd6 17. e5 Bb8 18. h5 Nb6 19. b3 Ba7 20. Kg2 Nd7 21. Rh1 c5 22. hxg6 fxg6 23. Qh4 Nexf6 24. gxf6 Nxf6 25. exf6 Qd7 26. Bh6 Rfc8 27. Bg7 e5 28. Qxh7+ Kf7 29. Qxg6+ Ke6 30. Bf5+ 1-0

[Event "4NCL/2001-02/D3/PP2-WR2"]
[Site "Rd01-Birmingham"]
[Date "2001.09.22"]
[Round "1.1"]
[White "Quilter, Thomas"]
[Black "Stephenson, Frederick Norman"]
[Result "1/2-1/2"]
[WhiteElo "2082"]
[BlackElo "2246"]
[PlyCount "37"]
[EventDate "2001.09.22"]
[EventType "team-match"]
[EventCountry "ENG"]
[SourceTitle "BritBase"]
[Source "John Saunders"]
[SourceDate "2024.10.24"]
[SourceVersion "1"]
[SourceVersionDate "2024.10.24"]
[SourceQuality "1"]
[WhiteTeam "Poisoned Pawns 2"]
[BlackTeam "White Rose 2"]
[WhiteTeamCountry "ENG"]
[BlackTeamCountry "ENG"]

1. e4 c5 2. Nc3 e6 3. Nf3 Nc6 4. d4 cxd4 5. Nxd4 Nf6 6. Ndb5 Bb4 7. a3 Bxc3+ 8. Nxc3 d5 9. exd5 Nxd5 10. Ne4 O-O 11. Bd3 Ne5 12. O-O Nxd3 13. Qxd3 Ne7 14. Rd1 Qxd3 15. Rxd3 b6 16. b3 Ba6 17. Rd1 Rfd8 18. Bb2 Nf5 19. a4 1/2-1/2

[Event "4NCL/2001-02/D3/PP2-WR2"]
[Site "Rd01-Birmingham"]
[Date "2001.09.22"]
[Round "1.2"]
[White "Thurlow, Kevin J"]
[Black "Blades, Nigel"]
[Result "1/2-1/2"]
[WhiteElo "2194"]
[BlackElo "2058"]
[PlyCount "39"]
[EventDate "2001.09.22"]
[EventType "team-match"]
[EventCountry "ENG"]
[SourceTitle "BritBase"]
[Source "John Saunders"]
[SourceDate "2024.10.24"]
[SourceVersion "1"]
[SourceVersionDate "2024.10.24"]
[SourceQuality "1"]
[WhiteTeam "White Rose 2"]
[BlackTeam "Poisoned Pawns 2"]
[WhiteTeamCountry "ENG"]
[BlackTeamCountry "ENG"]

1. e4 e5 2. Nf3 Nc6 3. Bb5 f5 4. d3 Nf6 5. O-O Bc5 6. c3 fxe4 7. dxe4 d6 8. Bg5 O-O 9. Nbd2 Qe8 10. b4 Bb6 11. a4 a6 12. Bc4+ Kh8 13. Qe2 Qg6 14. Be3 Bxe3 15. Qxe3 Nd8 16. Be2 Ng4 17. Qg5 Qxg5 18. Nxg5 Nf6 19. h3 Ne6 20. Nxe6 1/2-1/2

[Event "4NCL/2001-02/D3/PP2-WR2"]
[Site "Rd01-Birmingham"]
[Date "2001.09.22"]
[Round "1.3"]
[White "Retallick, Lloyd"]
[Black "Gourlay, Iain"]
[Result "0-1"]
[WhiteElo "1992"]
[BlackElo "2210"]
[PlyCount "118"]
[EventDate "2001.09.22"]
[EventType "team-match"]
[EventCountry "ENG"]
[SourceTitle "BritBase"]
[Source "John Saunders"]
[SourceDate "2024.10.24"]
[SourceVersion "1"]
[SourceVersionDate "2024.10.24"]
[SourceQuality "1"]
[WhiteTeam "Poisoned Pawns 2"]
[BlackTeam "White Rose 2"]
[WhiteTeamCountry "ENG"]
[BlackTeamCountry "ENG"]

1. d4 Nf6 2. c4 c5 3. d5 b5 4. Nf3 g6 5. Qc2 Bg7 6. e4 O-O 7. cxb5 e6 8. dxe6 fxe6 9. Be2 Bb7 10. Nc3 d5 11. exd5 exd5 12. O-O Nbd7 13. Bg5 Qc7 14. Bh4 Nh5 15. Ng5 Nf4 16. Bg3 Qe5 17. Bg4 Qxg5 18. Bxd7 Rad8 19. Bc6 Bc8 20. Ne2 Ne6 21. Rad1 Nd4 22. Nxd4 Bxd4 23. b4 Bf5 24. Qd2 Qxd2 25. Rxd2 Bc3 26. Rxd5 Bxb4 27. Rfd1 Rxd5 28. Bxd5+ Kg7 29. Be5+ Kh6 30. f4 Rd8 31. Bf3 Rxd1+ 32. Bxd1 Bb1 33. Bb3 Bd3 34. a4 c4 35. Bd1 c3 36. g4 g5 37. h4 c2 38. hxg5+ Kg6 39. Bxc2 Bxc2 40. Bd4 Bxa4 41. Bxa7 Bd1 42. b6 Bc5+ 43. Kg2 Bxg4 44. Kg3 Kf5 45. Bb8 Bxb6 46. Bd6 Ba5 47. Kf2 Bd2 48. Kg3 Be1+ 49. Kg2 Be2 50. Be5 Kg4 51. g6 hxg6 52. Bd6 Bd2 53. Kf2 Bd3 54. Kg2 Bxf4 55. Bxf4 Kxf4 56. Kh2 Be4 57. Kh3 g5 58. Kh2 Kg4 59. Kg1 Kg3 0-1

[Event "4NCL/2001-02/D3/PP2-WR2"]
[Site "Rd01-Birmingham"]
[Date "2001.09.22"]
[Round "1.4"]
[White "Wise, David"]
[Black "Winfridsson, Ola"]
[Result "1-0"]
[WhiteElo "2179"]
[BlackElo "2031"]
[PlyCount "45"]
[EventDate "2001.09.22"]
[EventType "team-match"]
[EventCountry "ENG"]
[SourceTitle "BritBase"]
[Source "John Saunders"]
[SourceDate "2024.10.24"]
[SourceVersion "1"]
[SourceVersionDate "2024.10.24"]
[SourceQuality "1"]
[WhiteTeam "White Rose 2"]
[BlackTeam "Poisoned Pawns 2"]
[WhiteTeamCountry "ENG"]
[BlackTeamCountry "ENG"]

1. d4 Nf6 2. c4 e6 3. Nc3 Bb4 4. e3 c5 5. Nge2 b6 6. a3 Ba5 7. Qc2 Bb7 8. f3 Nh5 9. h4 f5 10. Bd2 O-O 11. O-O-O Qe7 12. Kb1 Rc8 13. d5 exd5 14. cxd5 Qe5 15. f4 Qf6 16. e4 a6 17. e5 Qf7 18. g4 Bxc3 19. Nxc3 Ng3 20. Rg1 Ne4 21. gxf5 Nxc3+ 22. Bxc3 Bxd5 23. Rxd5 1-0

[Event "4NCL/2001-02/D3/PP2-WR2"]
[Site "Rd01-Birmingham"]
[Date "2001.09.22"]
[Round "1.5"]
[White "Day, Tom W"]
[Black "White, Mark W"]
[Result "1-0"]
[WhiteElo "1944"]
[BlackElo "2129"]
[PlyCount "73"]
[EventDate "2001.09.22"]
[EventType "team-match"]
[EventCountry "ENG"]
[SourceTitle "BritBase"]
[Source "John Saunders"]
[SourceDate "2024.10.24"]
[SourceVersion "1"]
[SourceVersionDate "2024.10.24"]
[SourceQuality "1"]
[WhiteTeam "Poisoned Pawns 2"]
[BlackTeam "White Rose 2"]
[WhiteTeamCountry "ENG"]
[BlackTeamCountry "ENG"]

1. e4 c5 2. Nf3 Nc6 3. d4 cxd4 4. Nxd4 Nf6 5. Nc3 e5 6. Nxc6 bxc6 7. Bc4 Bb4 8. Bd2 O-O 9. O-O d6 10. Qe2 Qe7 11. Rae1 Rb8 12. a3 Bc5 13. Na4 Bb6 14. Nxb6 Rxb6 15. f4 Be6 16. Bxe6 Qxe6 17. f5 Qe7 18. g4 Nd7 19. b4 d5 20. f6 gxf6 21. Rf5 Qd6 22. Bh6 Rd8 23. g5 dxe4 24. gxf6 Nf8 25. Qg2+ Ng6 26. Be3 Rb7 27. Qh3 Rbd7 28. Bc5 Qd2 29. Ref1 Rd4 30. R5f2 Qxf2+ 31. Rxf2 Rd1+ 32. Rf1 Rxf1+ 33. Kxf1 Kh8 34. Qh6 Rg8 35. Bf8 Nf4 36. Bg7+ Rxg7 37. Qxg7# 1-0